000 00583nam a2200205Ii 4500
003 JO-AjNU
008 230606s9999||||xx |||||||||||||| ||und||
020 _a0-471-87099-4
040 _aJO-AjNU
_beng
_erda
_cJO-AjNU
041 _aeng
050 1 4 _aHD30.4.S435.1984
100 3 _aSekaran,Uma,
_eauthor
_92941
245 0 0 _aRESEARCH METHODS FOR BUSINESS:A Skill-building Approach
264 3 1 _aWiley, 1984
300 _a336p
336 _atext
_btxt
_2rdacontent
337 _aunmediated
_bn
_2rdamedia
338 _avolume
_bnc
_2rdacarrier
650 4 _abusiness- Research
_92942
999 _aE1541
_c1541
_d1541